000
00318nam a22001457a 4500
008
180918b xxu||||| |||| 00| 0 eng d
020
_a
9780716752752
041
_a
eng
080
_2
5th
_a
159.9
082
_a
159.9
100
_a
48
101
_a
PSI
245
_a
Exploring Psychology
_c
Myers,D.G
942
_2
udc
_c
BK
999
_c
47965
_d
47965